[Event "USA-ch Seniors 2020"]
[Site "Saint Louis"]
[Date "2020.10.19"]
[Round "7.4"]
[White "Getz, Shelby"]
[Black "Kaidanov, Gregory"]
[Result "1/2-1/2"]
[WhiteElo "2298"]
[BlackElo "2549"]
[Annotator "TA"]
[PlyCount "45"]
[EventDate "2020.10.17"]
[EventType "tourn"]
[EventCountry "USA"]
[SourceTitle "playchess.com"]
[Source "ChessBase"]
[SourceQuality "1"]

{[%evp 9,45,-31,-16,-20,0,-27,-21,-18,0,0,0,0,33,23,31,26,27,26,27,20,33,19,62,44,60,52,46,31,42,42,40,49,45,0,33,0,40,0]} 1. a3 Nf6 2. d4 d5 3. Nc3 e6 4. Bg5 c5 5. e4 cxd4 6. Qxd4 {Threatens to win with exd5. A00: Irregular Openings.} Nc6 7. Bb5 {exd5 is the strong threat.} Be7 $1 8. exd5 {The position is equal.} exd5 9. Bxf6 Bxf6 10. Qc5 $1 {[#]} Qb6 $146 (10... Bxc3+ {feels hotter.} 11. bxc3 Qe7+ 12. Qxe7+ Kxe7 13. O-O-O Rd8) ({Predecessor:} 10... Bxc3+ 11. Qxc3 O-O 12. Ne2 Qg5 13. h4 Qe5 14. Qxe5 Nxe5 15. f3 a6 16. Bd3 Re8 {1-0 (41) Shirazi,K (2399)-Dutreuil,R (2130) Avoine 2015}) 11. Qxb6 $1 Bxc3+ $1 12. bxc3 axb6 13. Ne2 O-O 14. a4 Bd7 15. O-O-O Be6 16. Nf4 Rfd8 17. Rhe1 Rd6 18. Re3 Rad8 19. Rde1 {[%cal Rf4e6]} Bd7 20. Rd3 Be6 21. Rde3 {[%cal Rf4e6]} Bd7 22. Rd3 Be6 $1 23. Rde3 {Av CentiPawn Loss W=-7/B=-13. Weighted=-6/-12} 1/2-1/2

[Event "USA-ch Seniors 2020"]
[Site "Saint Louis"]
[Date "2020.10.19"]
[Round "7.5"]
[White "Shabalov, Alexander"]
[Black "Goldin, Alexander"]
[Result "1-0"]
[WhiteElo "2528"]
[BlackElo "2542"]
[Annotator "TA"]
[PlyCount "45"]
[EventDate "2020.10.17"]
[EventType "tourn"]
[EventCountry "USA"]
[SourceTitle "playchess.com"]
[Source "ChessBase"]
[SourceQuality "1"]

{[%evp 9,45,4,9,8,26,20,23,33,30,20,17,18,22,0,0,0,0,0,0,0,5,0,32,27,35,-13,-12,-61,-12,-45,-44,-38,-28,-34,368,369,845,819]} 1. c4 e6 2. Nf3 d5 3. e3 Nf6 4. Nc3 {[%cal Bb1c3,Bc3b5,Bb5d4,Bd4f5][%mdl 32]} b6 5. b3 Bb7 6. Bb2 {A17: English Opening: 1...Nf6 with ...Bb4.} Bd6 7. cxd5 exd5 8. Nb5 {White has an edge.} Be7 9. Be5 Na6 {[%cal Bb8a6,Ba6b4,Bb4c6][%mdl 32]} 10. Nbd4 O-O {[#]} 11. Rc1 $5 $146 {[%mdl 8] New and interesting.} ({Predecessor:} 11. Nc6 Bxc6 12. Bxa6 Nd7 13. Bxg7 Kxg7 14. Nd4 Nb8 15. Nxc6 Nxc6 16. Bb7 Ne5 17. Bxa8 Qxa8 {0-1 (46) Dubov,D (2677)-Jakovenko,D (2710) Sochi 2017}) 11... c5 12. Nf5 Nb4 13. a3 Nc6 14. Bb2 d4 15. Bb5 Rc8 16. O-O {[%cal Re3d4]} Nd5 17. exd4 Bf6 18. Bxc6 Bxc6 19. Ne5 Bxe5 20. dxe5 {And now Qg4! would win.} Qg5 21. Qf3 Nb4 $2 {[%mdl 8192]} ({Don't play} 21... Qxd2 $6 {[#]} 22. Qg3 $1 $16 {[%mdl 512]}) (21... g6 $15 {stays ahead.} 22. Ng3 (22. Nd6 Nc3 $17) 22... Qxd2) 22. h4 $18 Qxd2 $2 {[#]} (22... Qxh4 23. Nxh4 Bxf3 24. axb4 (24. gxf3 Nd3 $18) 24... Be2) 23. Qg3 $1 {[%mdl 512] Av CentiPawn Loss W=-9/B=-59. Weighted=-9/-98} 1-0

[Event "USA-ch Seniors 2020"]
[Site "Saint Louis"]
[Date "2020.10.19"]
[Round "8.1"]
[White "Wolff, Patrick"]
[Black "Goldin, Alexander"]
[Result "1/2-1/2"]
[WhiteElo "2552"]
[BlackElo "2542"]
[Annotator "TA"]
[PlyCount "27"]
[EventDate "2020.10.17"]
[EventType "tourn"]
[EventCountry "USA"]
[SourceTitle "playchess.com"]
[Source "ChessBase"]
[SourceQuality "1"]

{[%evp 9,27,31,24,23,34,1,6,0,0,0,0,0,0,0,0,0,0,0,0,0]} 1. e4 e5 2. Nf3 Nc6 3. Bb5 a6 4. Ba4 Nge7 5. O-O Ng6 6. c3 {C60: Ruy Lopez: Unusual Black 3rd moves and 3...g6.} d5 7. d4 {aiming for exd5.} dxe4 {The position is equal.} 8. Nxe5 Ngxe5 9. dxe5 Qxd1 $1 10. Rxd1 Bd7 {[#]} 11. Bf4 $146 ({Predecessor:} 11. Bc2 Nxe5 12. Bxe4 O-O-O 13. Bf4 Bd6 14. Nd2 Rhe8 15. Bg3 f5 16. Bc2 g5 17. f3 {1-0 (63) Sanal,V (2474)-Howell,D (2644) Doha 2016}) 11... Nxe5 12. Bxd7+ Nxd7 13. Nd2 O-O-O 14. Nxe4 {An uneventful encounter.} 1/2-1/2

[Event "USA-ch Seniors 2020"]
[Site "Saint Louis"]
[Date "2020.10.19"]
[Round "8.2"]
[White "Kaidanov, Gregory"]
[Black "Shabalov, Alexander"]
[Result "1-0"]
[WhiteElo "2549"]
[BlackElo "2528"]
[Annotator "TA"]
[PlyCount "111"]
[EventDate "2020.10.17"]
[EventType "tourn"]
[EventCountry "USA"]
[SourceTitle "playchess.com"]
[Source "ChessBase"]
[SourceQuality "1"]

{[%evp 9,111,5,8,-23,-8,-9,-6,-5,-3,-14,-12,-31,-31,-32,-12,-67,-66,-60,-50,-70,-66,-64,-83,-92,-91,-87,-88,-100,-108,-115,-37,-47,-20,-17,-16,-23,-21,-16,0,-20,-13,-16,0,0,0,-13,-8,-60,-58,-84,-81,-88,-92,-86,-96,-110,-50,-74,-60,-61,-54,-54,-52,-61,-36,-58,-77,-67,-58,-61,-10,-11,-8,-8,0,-18,0,-8,-8,-14,-6,-39,-14,-46,-46,-40,-43,-46,-38,-38,-41,-47,-43,-47,-49,-45,-50,-67,16,16,16,43,6203,6014]} 1. Nf3 Nf6 2. g3 b5 3. Na3 Ba6 4. c3 e6 5. Bg2 d5 {[#]} 6. d4 $146 {A05: Réti Opening: 1 Nf3 Nf6.} ({Predecessor:} 6. O-O Nbd7 7. d3 Be7 8. Nd4 Bxa3 9. Nc6 Qc8 10. bxa3 Qb7 11. Nb4 c5 12. Nxa6 Qxa6 {0-1 (50) Ganguly,S (2615)-Praggnanandhaa,R (2530) Kolkata 2018}) 6... b4 7. cxb4 Bxb4+ 8. Bd2 {The position is equal.} Bd6 9. Rc1 O-O 10. O-O Nbd7 {[%cal Bb8d7,Bd7c5,Bc5e4][%mdl 32]} 11. Ba5 Qb8 12. Rc2 ({Better is} 12. b4 $1 $11) 12... c5 $15 13. dxc5 $1 Nxc5 14. Nd4 Rc8 15. b4 Nce4 16. Rxc8+ Qxc8 (16... Bxc8 17. f3 $15) 17. Nab5 Be5 18. f4 Bxd4+ 19. Nxd4 Qc4 ({Black should try} 19... Qc3 $17 {...Qe3+ is the strong threat.} 20. Rf3 Qc4) 20. Qd3 Qxd3 21. exd3 Bxd3 22. Rc1 Nd6 23. a4 Nc4 24. Nc6 a6 $36 {[%mdl 2048] Black has the initiative.} 25. Bc7 Ne8 26. Be5 f6 27. Bd4 Ned6 28. g4 (28. Bc5 $11) 28... Kf7 29. f5 Be4 30. fxe6+ Kxe6 31. Bf1 Nd2 32. Be2 Nb3 (32... Bf3 $17 33. Be3 Bxe2 34. Nd4+ Kd7 35. Bxd2 Bxg4) 33. Rc3 $1 {[%cal Rc3b3]} Nxd4 34. Nxd4+ Ke5 35. Nc6+ Kf4 36. Nd4 Rb8 37. b5 axb5 38. axb5 Ra8 39. b6 Ra1+ (39... Ra2 $15 40. Rb3 Rd2) 40. Kf2 $11 Bh1 {[%cal Rd6e4] [#]} 41. Bd3 Be4 {Black wants to play ...Bxd3.} 42. Be2 Bg6 43. Bf3 Ra2+ 44. Ne2+ Ke5 45. Rb3 {Strongly threatening b7.} (45. Rc7 $5 {[%cal Rc7e7]} Ne4+ 46. Bxe4 Bxe4 47. Rxg7 $15) 45... Nb7 46. Ke3 Ra4 47. h4 Be4 {And now ...Na5 would win.} 48. Bxe4 Rxe4+ $15 {[%mdl 4160] [#] Endgame Double Attack. KRN-KRN} 49. Kf3 Rc4 50. Re3+ Kd6 51. Re8 Rb4 52. Rg8 g6 53. Rf8 Ke6 (53... Nc5 $15 54. Rxf6+ Ke7) 54. Nf4+ $11 Kd6 {next ...Rb3+ is good for Black.} 55. Rxf6+ Kc5 $2 {[%mdl 8192]} (55... Ke5 $14 56. Nd3+ Kxf6 57. Nxb4 Ke5) 56. Nd3+ {[%mdl 64] Double Attack. Av CentiPawn Loss W=-12/B=-28. Weighted=-12/-26} 1-0

[Event "USA-ch Seniors 2020"]
[Site "Saint Louis"]
[Date "2020.10.19"]
[Round "8.3"]
[White "Gurevich, Dmitry"]
[Black "Getz, Shelby"]
[Result "1-0"]
[WhiteElo "2399"]
[BlackElo "2298"]
[Annotator "TA"]
[PlyCount "77"]
[EventDate "2020.10.17"]
[EventType "tourn"]
[EventCountry "USA"]
[SourceTitle "playchess.com"]
[Source "ChessBase"]
[SourceQuality "1"]

{[%evp 10,77,74,78,99,89,92,99,96,42,54,31,56,26,32,20,29,25,65,58,52,52,116,113,97,47,46,45,52,37,61,37,49,46,48,54,50,60,65,56,135,102,136,129,127,61,88,88,76,64,71,23,31,26,68,-33,91,93,767,753,725,109,261,296,1429,1375,29956,29962,29998,29999]} 1. d4 d5 2. c4 Nc6 3. Nc3 e5 4. cxd5 Nxd4 5. e3 Nf5 6. e4 Nd4 {D07: Queen's Gambit: Chigorin Defence.} 7. Be3 Bc5 8. Nge2 {[%cal Re2d4]} Bg4 {[#] White is better.} 9. Qd2 $146 ({White should play} 9. Qd3 $16) ({Predecessor:} 9. f3 Nxf3+ 10. gxf3 Bxe3 11. fxg4 Qf6 12. Qa4+ c6 13. Nd1 Qh4+ 14. Ng3 Bf4 15. Nf2 {1-0 (22) Koziak,V (2464)-Roussel,G (1698) Guingamp 2011}) 9... Bxe2 $14 10. Bxe2 Ne7 11. Bb5+ c6 12. dxc6 bxc6 13. Bc4 Rb8 14. O-O O-O 15. Rad1 Ng6 {[#]} (15... Nc8 $14) 16. Na4 $1 $16 {[%cal Ra4c5]} Bb4 17. Qd3 {[%cal Re3d4]} Qa5 18. b3 Rbd8 {White should prevent ...Nf3+!} 19. Qb1 Nb5 20. Qc1 Ba3 21. Qc2 Bb4 22. g3 Nd4 23. Bxd4 exd4 24. f4 Be7 (24... Ne7 $14) 25. e5 Bb4 26. Qe4 Ne7 27. Kg2 ({Don't play} 27. Rxd4 $6 Bc5 $11) (27. f5 $16) 27... Bc3 28. Rf3 (28. e6 {is interesting.} f5 29. Qc2 Bb4 30. Qc1 Qc7 31. a3) 28... Nd5 {...Ne3+ would now be nice for Black.} 29. Bxd5 Rxd5 30. Rdd3 Rfd8 31. h4 h5 32. e6 (32. Rf2 $14) 32... Re8 (32... f5 $1 $15 {stays ahead.} 33. Qe2 Bb4) 33. f5 fxe6 $2 {[%mdl 8192]} (33... Re7 $16) 34. f6 $18 Rf5 35. fxg7 $2 (35. Qxc6 $18 Qd8 36. Rxf5 exf5 37. Qc4+ Kh8 38. fxg7+ Kxg7 39. Nxc3 {[%mdl 64] Pin}) 35... Rxf3 $2 (35... Re7 $16 {was worth a try.}) 36. Rxf3 {[#] Threatens to win with Qg6.} Qd5 $2 (36... Re7 37. Qxc6 Bb4) 37. Qf4 {White threatens Qf7+! and mate.} Qf5 38. Qh6 Qf4 39. Rxf4 {Av CentiPawn Loss W=-34/B=-101. Weighted=-48/-91} 1-0

[Event "USA-ch Seniors 2020"]
[Site "Saint Louis"]
[Date "2020.10.19"]
[Round "8.4"]
[White "Benjamin, Joel"]
[Black "Christiansen, Larry"]
[Result "1/2-1/2"]
[WhiteElo "2506"]
[BlackElo "2567"]
[Annotator "TA"]
[PlyCount "63"]
[EventDate "2020.10.17"]
[EventType "tourn"]
[EventCountry "USA"]
[SourceTitle "playchess.com"]
[Source "ChessBase"]
[SourceQuality "1"]

{[%evp 9,63,16,0,17,25,16,37,32,44,12,21,20,17,15,15,14,16,7,15,14,14,16,10,10,13,10,19,13,16,16,21,16,16,16,14,14,15,8,16,6,9,0,0,0,0,0,0,0,0,0,9,0,0,0,12,0]} 1. e4 c5 2. Nf3 Nc6 3. c3 d5 4. exd5 Qxd5 5. Na3 Bg4 6. Be2 {B22: Sicilian: 2 c3.} Nf6 7. d3 e6 8. Nc4 {White is slightly better.} Be7 9. Qa4 {Black must now prevent Ne3.} O-O {The position is equal.} 10. Ne3 Qh5 11. Nxg4 Qxg4 12. Qxg4 Nxg4 {[#]} 13. O-O $146 ({Predecessor:} 13. Bf4 Rfd8 14. h3 Nf6 15. O-O-O Nd5 16. Bg3 Bd6 17. Bxd6 Rxd6 18. g3 Nf6 19. Nd2 {½-½ (39) Zelbel,P (2405)-Abasov,N (2527) Bilbao 2014}) 13... Rad8 {[#]} 14. d4 $1 {[%mdl 512]} Nf6 {[%cal Rc5d4]} (14... cxd4 15. Nxd4) 15. dxc5 Bxc5 16. Bg5 h6 17. Bxf6 gxf6 18. Rfd1 Kg7 19. Kf1 f5 20. Rxd8 Rxd8 21. Rd1 Rxd1+ 22. Bxd1 $11 {[%mdl 4096] Endgame KBN-KBN} Kf6 23. Nd2 b6 24. h3 Bf8 25. Nc4 Ne5 26. Nxe5 Kxe5 {KB-KB} 27. Ke2 f4 28. Kd3 Bc5 29. f3 f5 30. b4 Bf2 31. Bb3 Kd6 32. Bc4 {Av CentiPawn Loss W=-3/B=-4. Weighted=-3/-4} 1/2-1/2

[Event "USA-ch Seniors 2020"]
[Site "Saint Louis"]
[Date "2020.10.19"]
[Round "8.5"]
[White "Yermolinsky, Alex"]
[Black "Novikov, Igor"]
[Result "1-0"]
[WhiteElo "2486"]
[BlackElo "2554"]
[Annotator "TA"]
[PlyCount "85"]
[EventDate "2020.10.17"]
[EventType "tourn"]
[EventCountry "USA"]
[SourceTitle "playchess.com"]
[Source "ChessBase"]
[SourceQuality "1"]

{[%evp 18,85,31,24,36,8,29,0,33,16,21,12,24,0,13,-7,0,9,31,33,33,30,33,30,46,49,57,57,39,39,40,26,55,40,52,47,93,93,104,102,114,74,114,63,90,92,206,207,362,362,322,291,254,297,291,291,294,283,274,64,258,257,1060,931,29965,29967,12846,10864,6411,6399]} 1. Nf3 d5 2. c4 e6 3. e3 Nf6 4. b3 c5 5. Bb2 Nc6 6. cxd5 exd5 7. Be2 Bd6 8. O-O O-O 9. d4 cxd4 10. Nxd4 Re8 {A13: English Opening: 1...e6.} 11. Nd2 a6 12. N2f3 {[#]} Ne5 $146 {The position is equal.} ({Predecessor:} 12... Bd7 13. Rc1 Qe7 14. Qc2 Ne4 15. Bd3 Nb4 16. Qb1 h5 17. Be2 h4 18. Ba1 h3 {½-½ (49) Bauer,C (2654)-Prusikin,M (2523) Switzerland 2019}) 13. Nxe5 Bxe5 14. h3 Bd7 15. Qd3 Rc8 16. a4 Qe7 17. Ba3 Bd6 18. Bxd6 Qxd6 19. Bf3 h6 20. Rfc1 Rxc1+ 21. Rxc1 Rc8 22. Rxc8+ Bxc8 23. Qc3 Bd7 24. a5 Kf8 25. b4 Ke7 26. Nb3 Be6 27. Nc5 Qc7 28. Qd4 Kf8 29. Kf1 Qc6 30. Ke1 (30. Qf4 $16) 30... Nd7 31. Kd2 Nxc5 (31... Nf6 $16) 32. Qxc5+ $18 Qxc5 $2 {[#]} (32... Ke8 33. Qxc6+ bxc6) 33. bxc5 $16 {[%mdl 4096] Endgame KB-KB} Ke7 34. Kc3 Kd7 35. Bd1 Kc6 36. Kb4 Kc7 37. Ba4 Bd7 38. Bc2 $2 {[#]} ({White has to play} 38. Bb3 $18) 38... Kc6 $2 {This move loses the game for Black.} (38... Bb5 $1 $14) 39. f4 $18 g5 $2 (39... Bc8 40. Ba4+ Kc7) 40. fxg5 hxg5 41. Ba4+ Kc7 42. Bxd7 Kxd7 43. Kc3 {Av CentiPawn Loss W=-49/B=578. Weighted=-62/175} 1-0

[Event "USA-ch Seniors 2020"]
[Site "Saint Louis"]
[Date "2020.10.19"]
[Round "9.1"]
[White "Novikov, Igor"]
[Black "Wolff, Patrick"]
[Result "1/2-1/2"]
[WhiteElo "2554"]
[BlackElo "2552"]
[Annotator "TA"]
[PlyCount "54"]
[EventDate "2020.10.17"]
[EventType "tourn"]
[EventCountry "USA"]
[SourceTitle "playchess.com"]
[Source "ChessBase"]
[SourceQuality "1"]

{[%evp 18,54,8,10,12,5,10,8,41,44,35,0,0,0,0,0,6,0,0,0,0,-6,9,14,9,0,0,-6,0,0,0,0,0,0,0,0,0,0,0]} 1. d4 Nf6 2. c4 g6 3. Nc3 d5 4. Bf4 Bg7 5. e3 c5 6. dxc5 Qa5 7. Rc1 dxc4 8. Bxc4 O-O 9. Nge2 Qxc5 10. Qb3 {[#] Strongly threatening Nb5.} Qa5 {D82: Grünfeld: 4 Bf4.} 11. O-O Nbd7 12. Rfd1 Nb6 (12... Nc5 $5 {[%cal Rc5b3]} 13. Qb5 Qxb5 14. Nxb5 (14. Bxb5 a6 $11) 14... Be6 $14) 13. Bc7 Bd7 14. Nd5 Nfxd5 {[#] The position is equal.} 15. Rxd5 $146 {[%mdl 64] [#] Pin} ({Predecessor:} 15. Bxd5 Ba4 16. Qa3 Qb5 17. Rd2 Nxd5 18. Rc5 Nxc7 19. Rxb5 Bxb5 20. Qxe7 Rac8 21. h4 {0-1 (33) Xiang,Z (2423)-Lou,Y (2484) Tianjin 2018}) 15... Qa4 {White must now prevent ...Qxb3.} 16. Bxb6 axb6 17. Qxb6 Be6 18. Bb3 ({Much worse is} 18. Qxb7 Bxd5 19. Bxd5 e6 $17) 18... Qa6 19. Qxa6 Rxa6 (19... bxa6 {with more complications.} 20. Rd3 Bxb2 21. Rcd1 Bxb3 22. Rxb3 Rfb8) 20. Rb5 Bxb3 21. Rxb3 Rxa2 22. Rxb7 Rxb2 23. Rxb2 Bxb2 $11 {KRB-KRN} 24. Rb1 Ra8 25. g4 Ra2 26. Nc1 Bxc1 27. Rxc1 Kg7 {Av CentiPawn Loss W=-2/B=-2. Weighted=-3/-3} 1/2-1/2

[Event "USA-ch Seniors 2020"]
[Site "Saint Louis"]
[Date "2020.10.19"]
[Round "9.2"]
[White "Christiansen, Larry"]
[Black "Yermolinsky, Alex"]
[Result "1-0"]
[WhiteElo "2567"]
[BlackElo "2486"]
[Annotator "TA"]
[PlyCount "55"]
[EventDate "2020.10.17"]
[EventType "tourn"]
[EventCountry "USA"]
[SourceTitle "playchess.com"]
[Source "ChessBase"]
[SourceQuality "1"]

{[%evp 20,55,43,22,35,20,31,16,25,0,26,32,33,0,0,-9,-6,-13,16,14,13,8,29,24,50,47,41,43,63,74,162,177,181,179,416,414,597,581]} 1. c4 c5 2. Nf3 Nf6 3. g3 b6 4. Bg2 Bb7 5. O-O g6 6. Nc3 Bg7 7. d4 cxd4 8. Qxd4 d6 9. Rd1 Nbd7 10. Be3 Rc8 11. Rac1 a6 {A30: Symmetrical English: Double Fianchetto and Hedgehog.} 12. b3 O-O 13. Qh4 Re8 {The position is equal.} 14. Bh6 Rc5 {With the idea ...Rh5.} 15. Bxg7 Kxg7 16. Qd4 b5 17. Nd2 Bxg2 18. Kxg2 {[#]} bxc4 $146 ({Predecessor:} 18... Qa8+ 19. f3 bxc4 20. Nxc4 Qb7 21. Ne4 Rd5 22. Qb2 Rxd1 23. Rxd1 Qc7 24. Rd2 Rd8 {1-0 (32) Grahesh,Y (2029)-Kunte,A (2467) Majitar 2019}) 19. Nxc4 Qc7 20. e4 $36 {[%mdl 2048] White has the initiative.} Kg8 21. Ne3 Qb7 22. Ncd5 Nxd5 23. Nxd5 e6 24. Ne3 $1 e5 (24... Rec8 $16 25. Rxc5 Nxc5) 25. Qxd6 $18 Rxc1 26. Rxc1 Qxe4+ $2 {[#]} (26... Re6 {was necessary.} 27. Qd3 Nf6) 27. Kg1 Nf8 (27... Qd4 $142 28. Nd5 (28. Qxa6 Nf8 $18) 28... Rd8) 28. Nd5 {Av CentiPawn Loss W=-6/B=-38. Weighted=-5/-33} 1-0

[Event "USA-ch Seniors 2020"]
[Site "Saint Louis"]
[Date "2020.10.19"]
[Round "9.3"]
[White "Getz, Shelby"]
[Black "Benjamin, Joel"]
[Result "0-1"]
[WhiteElo "2298"]
[BlackElo "2506"]
[Annotator "TA"]
[PlyCount "64"]
[EventDate "2020.10.17"]
[EventType "tourn"]
[EventCountry "USA"]
[SourceTitle "playchess.com"]
[Source "ChessBase"]
[SourceQuality "1"]

{[%evp 9,63,-11,0,0,-6,-1,0,0,0,-17,-18,-21,-25,-26,-25,-52,-23,-102,-107,-92,-86,-381,-111,-110,-107,-111,-96,-105,-96,-95,-95,-93,-54,-62,-72,-95,-64,-356,-377,-357,-381,-392,-381,-384,-366,-485,-464,-29978,-29978,-29977,-29978,-29978,-29979,-29998,-29999,-29999]} 1. a3 Nf6 2. d4 g6 3. Nc3 d5 4. Bg5 Bg7 5. Qd2 h6 6. Bf4 {[#] A00: Irregular Openings.} c5 $146 {And now ...cxd4 would win.} ({Predecessor:} 6... c6 7. f3 Nh5 8. Be5 Bxe5 9. dxe5 e6 10. O-O-O Qg5 11. g4 Qxd2+ 12. Rxd2 Ng7 {½-½ (43) Zagrapan,P (2060)-Harasta,V (2220) Slovakia 1994}) 7. e3 $1 O-O 8. O-O-O {The position is equal.} Nc6 9. f3 Nh5 10. Be5 $1 Nxe5 11. dxe5 Bxe5 {Threatening ...d4.} 12. Nxd5 Be6 13. Ne2 (13. f4 $11 {remains equal.} Bg7 14. Nf3) 13... Bxd5 $1 $17 14. Qxd5 {[%mdl 64] Double Attack} Qc7 $1 15. f4 $2 {[%mdl 8192] [#]} (15. Qb3 $17 {might work better.}) 15... Bg7 $2 (15... Bxb2+ $1 $19 {[%mdl 512]} 16. Kxb2 Rad8) 16. Ng3 Rad8 17. Qb3 Rxd1+ 18. Kxd1 Rd8+ 19. Kc1 Nxg3 $40 {[%mdl 128] Black is out for blood.} 20. hxg3 Rd6 21. c3 Qc6 {aiming for ...Qe4.} 22. Qc2 Qd5 23. e4 $2 {[%mdl 8192]} (23. Kb1 $15) 23... Qa2 $19 24. Bd3 c4 25. Qb1 Qb3 26. Bc2 Qb6 {[%cal Rb6e3]} 27. Qa2 {[#]} Bxc3 $1 {[%mdl 512]} 28. Rd1 (28. Kb1 $19 Rd2 29. a4) (28. bxc3 Qe3+) 28... Qe3+ {[%mdl 64] Double Attack. Black mates.} 29. Kb1 Rxd1+ {[%mdl 64] Overworked Piece} 30. Bxd1 Qd3+ {[%mdl 64] Double Attack} 31. Bc2 Qf1+ {[%mdl 64] Double Attack} 32. Bd1 Qxd1# {Av CentiPawn Loss W=-71/B=-50. Weighted=-109/-26} 0-1

[Event "USA-ch Seniors 2020"]
[Site "Saint Louis"]
[Date "2020.10.19"]
[Round "9.4"]
[White "Shabalov, Alexander"]
[Black "Gurevich, Dmitry"]
[Result "1/2-1/2"]
[WhiteElo "2528"]
[BlackElo "2399"]
[Annotator "TA"]
[PlyCount "58"]
[EventDate "2020.10.17"]
[EventType "tourn"]
[EventCountry "USA"]
[SourceTitle "playchess.com"]
[Source "ChessBase"]
[SourceQuality "1"]

{[%evp 12,58,47,45,56,24,20,10,8,8,6,5,16,0,18,24,18,22,0,-7,39,0,0,0,0,0,7,0,0,0,0,-10,0,0,0,0,0,0,0,0,0,0,0,0,0,0,0,0,0]} 1. e4 c5 2. Nf3 d6 3. d4 cxd4 4. Nxd4 Nf6 5. Nc3 Nc6 6. f3 Nxd4 7. Qxd4 g6 {B56: Classical Sicilian: Unusual Lines.} 8. Bc4 {[#] Black must now prevent e5.} Bg7 9. O-O (9. Bg5 {is more complex.} O-O 10. Qe3 Qc7 11. Qd3 a6 12. O-O-O) 9... O-O 10. Qf2 {[#]} Be6 $146 ({Predecessor:} 10... a6 11. Be3 b5 12. Bb3 Bb7 13. Rad1 b4 14. Ne2 Qb8 15. c4 a5 16. Ba4 Rc8 {½-½ (66) Krabbenbos,J (1794)-Blair,M (1733) LSS email 2008}) 11. Bb3 Qc8 12. Be3 b6 13. Rad1 Bxb3 14. axb3 Qb7 15. Bd4 Rac8 16. Nd5 Nxd5 {The position is equal.} 17. Bxg7 Kxg7 18. Rxd5 Rc5 19. Rfd1 Rfc8 20. c3 a5 21. b4 Rxd5 22. Rxd5 axb4 $11 {[%mdl 4096] Endgame KQR-KQR} 23. Qd4+ {[%mdl 64] [#] Double Attack} Kg8 24. Qxb4 Rc5 25. Rxc5 dxc5 26. Qc4 Qc6 27. b4 Qd6 28. bxc5 bxc5 29. Qe2 Kg7 {Av CentiPawn Loss W=-4/B=-2. Weighted=-5/-2} 1/2-1/2

[Event "USA-ch Seniors 2020"]
[Site "Saint Louis"]
[Date "2020.10.19"]
[Round "9.5"]
[White "Goldin, Alexander"]
[Black "Kaidanov, Gregory"]
[Result "1/2-1/2"]
[WhiteElo "2542"]
[BlackElo "2549"]
[Annotator "TA"]
[PlyCount "48"]
[EventDate "2020.10.17"]
[EventType "tourn"]
[EventCountry "USA"]
[SourceTitle "playchess.com"]
[Source "ChessBase"]
[SourceQuality "1"]

{[%evp 15,35,39,36,41,37,35,41,44,37,56,45,44,52,26,27,27,43,37,38,12,46,0]} 1. Nf3 d5 2. g3 c5 3. Bg2 Nc6 4. d4 Nf6 5. O-O cxd4 6. Nxd4 e5 7. Nxc6 bxc6 8. c4 Be6 $1 {8...Be6 is better than 8...Be7.} 9. Qa4 {[#] Hoping for cxd5. D02: 1 d4 d5 2 Nf3 sidelines, including 2...Nf6 3 g3 and 2...Nf6 3 Bf4.} Qd7 10. Nc3 Rc8 11. cxd5 cxd5 12. Qxd7+ Kxd7 13. Rd1 Bc5 14. Nxd5 Nxd5 15. Bxd5 Bxd5 16. Rxd5+ Ke6 17. Rd1 Rhd8 18. Bd2 {[#]} {Predecessor:} Bd4 $146 19. Bb4 Bxb2 20. Rxd8 Rxd8 21. Rb1 Bd4 22. Rc1 Bb6 23. e3 h5 24. h4 Rd5 {½-½ (50) Rozum,I (2581)-Tregubov,P (2578) Sochi 2018} 1/2-1/2